Official Countries - Sudden Death - Statistics

General Stats
  • This quiz has been taken 2,927 times
  • The average score is 22 of 28
Answers on the Grid
Answers color-coded by a green-red scale on the quiz's grid according to % correct below.
Aruba
Bangladesh
Belgium
Benin
Bhutan
Bosnia and Herzegovina
Cameroon
Comoros
Curaçao
England
Greenland
Grenada
Guam
Guatemala
Guinea-Bissau
Hong Kong
Kiribati
Kosovo
Lesotho
Liberia
Lithuania
Malaysia
Maldives
Malta
Marshall Islands
Mauritania
Nauru
New Caledonia
Palau
Palestine
Puerto Rico
Rwanda
Saint Lucia
São Tomé and Príncipe
Scotland
Somaliland
Suriname
Vatican City
Wales
Zambia
 
Answer Stats
Answer % Correct
Bangladesh
96%
Belgium
96%
Bhutan
92%
Benin
91%
Bosnia and Herzegovina
89%
Cameroon
89%
Comoros
82%
Lithuania
80%
Malaysia
79%
Guatemala
78%
Guinea-Bissau
77%
Kiribati
77%
Lesotho
77%
Liberia
77%
Malta
77%
Grenada
76%
Maldives
76%
Mauritania
76%
Kosovo
75%
Nauru
75%
Palau
74%
Rwanda
74%
Vatican City
74%
Marshall Islands
73%
Suriname
73%
São Tomé and Príncipe
72%
Zambia
72%
Saint Lucia
71%
No matching quizzes found
Score Distribution
Percent of People with Each Score
Percentile by Number Answered
Your Score History
You have not taken this quiz